Pixar Cars 3 Piston Cup Stock Car Racers by Name - Statistics

General Stats
  • This quiz has been taken 52 times
  • The average score is 17 of 35
Answer Stats
Picture Answer % Correct
Bobby Swift
84%
Cal Weathers
81%
Montgomery "Lightning" McQueen
81%
Brick Yardley
70%
Jimmy Cables
70%
Jack DePost
65%
Murray Clutchburn
65%
Todd "The Shockster" Marcus
65%
Reb Meeker
62%
Brian Spark
57%
Darren Leadfoot
57%
Phil Tankson
54%
Speedy Comet
54%
Ernie Gearson
51%
Floyd Mulvihill
51%
Ponchy Wipeout
51%
Ralph Carlow
49%
Buck Bearingly
46%
Dirkson "Dirk" D'Agostino
43%
Dud Throttleman
43%
Lane Locke
43%
Bruce Miller
41%
Parker Brakeston
41%
Tommy Highbanks
41%
Dino Draftsky
38%
Terry Kargas
38%
Markus Krankzler
35%
T.G. Castlenut
32%
Carl Clutchen
30%
Rex Revler
30%
Bobby Roadtesta
27%
Rev Roadages
27%
Unnamed
22%
Unnamed
22%
Chips Gearings
19%
No matching quizzes found
Score Distribution
Percent of People with Each Score
Percentile by Number Answered
Your Score History
You have not taken this quiz